| 000 | 01092cam a2200265 4500 | ||
|---|---|---|---|
| 001 | WB3917-04 | ||
| 008 | 030507n2003 000 0 eng u | ||
| 035 | _a(Sirsi) u122207 | ||
| 245 | _aMore gloom for Thames Valley | ||
| 260 | _c2003 | ||
| 490 |
_aEstates Gazette _v(0318) 3 May 2003, 33(1) |
||
| 520 | _aThe Thames Valley office market will decline for another 18 months. Rogers Chapman's "Golden triangle report 2003" and Knight Frank's "First quarter M25 office market overview" indicate that landlords are increasing incentives and dropping rents further. Graph. Register for the Rogers Chapman report at www.rogerschapman.co.uk and Knight Frank www.knightfrank.co.uk | ||
| 590 | _aWB | ||
| 650 | _aTHAMES VALLEY | ||
| 650 | _aPROPERTY-COMMERCIAL PROPERTY-OFFICE PROPERTY-OFFICE PROPERTY MARKET | ||
| 650 | _aOFFICE RENTS | ||
| 650 | _aOFFICE SPACE | ||
| 650 | _aM25 OFFICE MARKET | ||
| 650 | _aOFFICE TAKE-UP | ||
| 650 | _aOFFICE AVAILABILITY | ||
| 650 | _aOFFICE LANDLORDS | ||
| 650 | _aCOMMERCIAL TENANTS | ||
| 690 | _aPROPERTY-COMMERCIAL PROPERTY | ||
| 942 | _n0 | ||
| 999 |
_c72633 _d72633 |
||